Investigations in number, data, and space / (Record no. 14418)
[ view plain ]
| 000 -LEADER | |
|---|---|
| fixed length control field | 02474nam a2200385Ia 4500 |
| 001 - CONTROL NUMBER | |
| control field | 14418 |
| 003 - CONTROL NUMBER IDENTIFIER | |
| rucl marc code | BD-RjUL |
| 005 - DATE AND TIME OF LATEST TRANSACTION | |
| control field | 20211208235626.0 |
| 008 - FIXED-LENGTH DATA ELEMENTS--GENERAL INFORMATION | |
| fixed length control field | 140206s2008 ilua c b 001 0 eng d |
| 020 ## - INTERNATIONAL STANDARD BOOK NUMBER | |
| International Standard Book Number | 0328259438 (set) |
| International Standard Book Number | 9780328259434 (set) |
| International Standard Book Number | 0328237647 (unit 3) |
| International Standard Book Number | 9780328237647 (unit 3) |
| 035 ## - SYSTEM CONTROL NUMBER | |
| System control number | (BD-RjUL)14470 |
| 040 ## - CATALOGING SOURCE | |
| Original cataloging agency | FST |
| Transcribing agency | FST |
| Modifying agency | BOS |
| -- | BD-RjUL |
| Language of cataloging | eng |
| 041 ## - LANGUAGE CODE | |
| Language code of text/sound track or separate title | eng |
| 082 ## - DEWEY DECIMAL CLASSIFICATION NUMBER | |
| Classification number | 372.708 |
| Author mark and year | INV Grade-5 Unit-3 2008 |
| 090 ## - LOCALLY ASSIGNED LC-TYPE CALL NUMBER (OCLC); LOCAL CALL NUMBER (OCLC) | |
| Classification number (OCLC) (R) ; Classification number, CALL (RLIN) (NR) | QA135.5 |
| Local cutter number (OCLC) ; Book number/undivided call number, CALL (RLIN) | .I57 2008 Gr. 5 |
| 245 00 - TITLE STATEMENT | |
| Title | Investigations in number, data, and space / |
| Statement of responsibility, etc. | developed by TERC, Cambridge, MA. |
| Name of part/section of a work | Grade 5 : |
| Number of part/section of a work | Thousands of miles, thousands of seats. : addition, subtraction, and the number system |
| Name of part/section of a work | Unit 3 : |
| Number of part/section of a work | Addition, subtraction, and the number system |
| 250 ## - EDITION STATEMENT | |
| Edition statement | 2nd ed. |
| 260 ## - PUBLICATION, DISTRIBUTION, ETC. (IMPRINT) | |
| Place of publication, distribution, etc. | Glenview, Ill. : |
| Name of publisher, distributor, etc. | Pearson Scott Foresman, |
| Date of publication, distribution, etc. | c2008. |
| 300 ## - PHYSICAL DESCRIPTION | |
| Pagination | 154 p. : |
| Illustrations | ill. (some col.) ; |
| Size | 26 cm. |
| 500 ## - GENERAL NOTE | |
| General note | Resources binder contains masters and transparencies and 2 CD-ROMS (CD1: blackline masters; CD2 (Macintosh/Windows dual compatibility): LogoPaths--interactive software of geometric figures for students). |
| General note | Issued in cardboard case, 29 x 26 x 32 cm. |
| 504 ## - BIBLIOGRAPHY, ETC. NOTE | |
| Bibliography, etc | Includes bibliographical references and indexes. |
| 505 0# - FORMATTED CONTENTS NOTE | |
| Formatted contents note | unit 1. Number puzzles and multiple towers : multiplication and division 1 -- unit 2. Prisms and pyramids : 3-D geometry and measurement -- unit 3. Thousands of miles, thousands of seats : addition, subtraction, and the number system -- unit 4. What's that portion? : fractions and percents 1 -- unit 5. Measuring polygons : 2-D geometry and measurement -- unit 6. Decimals on grids and number lines : decimals, fractions, and percents 2 -- unit 7. How many people? How many teams? : multiplication and division 2 -- unit 8. Growth patterns : patterns, functions, and change -- unit 9. How long can you stand on one foot? : data analysis and probability. |
| 520 ## - SUMMARY, ETC. | |
| Summary, etc. | Part of a K-5 mathematics curriculum, with curriculum units for classroom use and resources for teachers; the Investigations curriculum was developed at TERC, formerly Technical Education Research Centers. |
| 650 #0 - SUBJECT ADDED ENTRY--TOPICAL TERM | |
| Topical term or geographic name as entry element | Mathematics |
| General subdivision | Study and teaching (Elementary) |
| 9 (RLIN) | 41 |
| Topical term or geographic name as entry element | Arithmetic |
| General subdivision | Study and teaching (Elementary) |
| 9 (RLIN) | 44973 |
| 710 2# - ADDED ENTRY--CORPORATE NAME | |
| Corporate name or jurisdiction name as entry element | TERC (Firm) |
| 9 (RLIN) | 44974 |
| Corporate name or jurisdiction name as entry element | Pearson/Scott Foresman. |
| 9 (RLIN) | 44975 |
| Corporate name or jurisdiction name as entry element | Pearson Education, Inc. |
| 9 (RLIN) | 44976 |
| Corporate name or jurisdiction name as entry element | Scott, Foresman and Company. |
| 9 (RLIN) | 44977 |
| 942 ## - ADDED ENTRY ELEMENTS (KOHA) | |
| Source of classification or shelving scheme | Dewey Decimal Classification |
| Koha item type | Books |
| Lost status | Source of classification or shelving scheme | Damaged status | Not for loan | Collection code | Permanent Location | Current Location | Shelving location | Date acquired | Source of acquisition | Total Checkouts | Full call number | Date last seen | Copy number | Koha item type |
|---|---|---|---|---|---|---|---|---|---|---|---|---|---|---|
| Dewey Decimal Classification | Added to bundle | Non-fiction | Central Library, University of Rajshahi | Central Library, University of Rajshahi | Reading Room | 26/10/2013 | Dhaka, Asia Foundation | 372.708 INV Grade-5 Unit-3 2008 | 06/02/2014 | C-1 | Books | |||
| Dewey Decimal Classification | Non-fiction | Central Library, University of Rajshahi | Central Library, University of Rajshahi | 26/10/2013 | Dhaka, Asia Foundation | 372.708 INV Grade-5 Unit-3 2008 | 06/02/2014 | C-2 | Books |